000
00205 a2200097 4500
001
52213
100
_a
Cartland B
245
_a
Love on the Wind
260
_a
London
_b
Pan Books
_c
090
_c
32876
_d
32876
942
_a
NUST-CAE
_c
M
_c
25420
999
_c
287286
_d
287286